| 000 | 00437nam a2200169Ia 4500 | ||
|---|---|---|---|
| 005 | 20260429111850.0 | ||
| 008 | 260429s9999||||xx |||||||||||||| ||und|| | ||
| 020 | _a9788196206277 | ||
| 041 | _aEnglish | ||
| 082 |
_a579 _bSHA |
||
| 100 | _aSharma, Kanika | ||
| 245 | 0 |
_aTextbook of microbiology / _cKanika Sharma |
|
| 260 |
_aNew Delhi : _bAne Books, _c2025. |
||
| 300 | _axviii, 1194 p.; hb | ||
| 650 | _aMicrobiology | ||
| 942 | _cTB | ||
| 999 |
_c51193 _d51193 |
||